[Event "VIE Cup"]
[Site "Bac Giang"]
[Date "2018.05.31"]
[Round "3"]
[White "Nguyen, Quoc Truong Son"]
[Black "Bui, Dang Loc"]
[Result "0-1"]
[WhiteElo "1897"]
[BlackElo "1650"]
[PlyCount "62"]
[EventDate "2018.05.30"]
[EventType "swiss"]
[EventRounds "9"]
[EventCountry "VIE"]
[SourceTitle "CBM 184 Extra"]
[Source "ChessBase"]
[SourceDate "2018.06.28"]
[SourceVersion "1"]
[SourceVersionDate "2018.06.28"]
[SourceQuality "1"]

1. e4 e6 2. d4 d5 3. exd5 exd5 4. Bd3 Bd6 5. Nf3 Nf6 6. Bg5 0-0 7. 0-0 Bg4 8. h3 Bh5 9. Re1 Nbd7 10. Nbd2 c6 11. c3 Qc7 12. Qc2 Bg6 13. Bxg6 hxg6 14. c4 Rfe8 15. c5 Bf4 16. Bxf4 Qxf4 17. Qb3 b6 18. cxb6 axb6 19. Re3 c5 20. dxc5 bxc5 21. Rae1 Reb8 22. Qd3 Rxb2 23. Re7 Rbxa2 24. Rxd7 Nxd7 25. Qxd5 Nf6 26. Qxc5 Rxd2 27. Nxd2 Qxd2 28. Rb1 Ne4 29. Qb6 Nc3 30. Rb2 Qe1+ 31. Kh2 Ne2 0-1

[Event "VIE-chT"]
[Site "Ho Chi Minh City"]
[Date "2017.07.24"]
[Round "1.47"]
[White "Nguyen, Quoc Truong Son"]
[Black "Nguyen, Huynh Minh Thien"]
[Result "0-1"]
[WhiteElo "1999"]
[BlackElo "1778"]
[PlyCount "50"]
[EventDate "2017.07.24"]
[EventType "team-swiss"]
[EventRounds "9"]
[EventCountry "VIE"]
[SourceTitle "EXT 2019"]
[Source "ChessBase"]
[SourceDate "2018.10.10"]
[SourceVersion "1"]
[SourceVersionDate "2018.10.10"]
[SourceQuality "1"]

1. Nf3 Nf6 2. g3 g6 3. Bg2 Bg7 4. d4 d5 5. c4 dxc4 6. Qa4+ c6 7. Qxc4 0-0 8. 0-0 Nbd7 9. Nc3 Nb6 10. Qd3 Be6 11. b3 Nbd5 12. Bb2 Nxc3 13. Bxc3 Bf5 14. Qd1 Qb6 15. Nh4 Be6 16. e4 Rfd8 17. Qd3 Ne8 18. Rad1 Nc7 19. Rfe1 Nb5 20. Nf3 c5 21. e5 Bg4 22. d5 Rxd5 23. Qxd5 Nxc3 24. Qc4 Nxd1 25. Qxg4 Nc3 0-1